|
|
|
|
| LEADER |
00000cam a2200000 a 4500 |
| 001 |
vtls008299408 |
| 003 |
SK-MaSNL |
| 005 |
20260301122848.0 |
| 008 |
171129s2005 xr oal f d 000 0 cze |
| 020 |
|
|
|a 8086044165
|q (súbor)
|
| 020 |
|
|
|a 8086044262
|q (8. zv. : viaz.)
|
| 040 |
|
|
|a SNK
|b slo
|c SNK
|e AACR2
|
| 041 |
0 |
|
|a cze
|
| 044 |
|
|
|a xr
|c CZ
|
| 072 |
|
7 |
|a 62
|x Technika všeobecne
|2 konspekt
|
| 080 |
|
|
|a 62
|2 2001
|
| 080 |
|
|
|a 81'373.46
|2 2001
|
| 080 |
|
|
|a (031)
|2 2001
|
| 080 |
|
|
|a 62:338.45
|2 2001
|
| 080 |
|
|
|a 620.2
|2 2001
|
| 245 |
0 |
0 |
|a Technický slovník naučný
|n [8. svazek], T-Ž
|c [autoři a konzultanti Eva Aligerová ... [et al.] ; graficky zpracoval Marek Jodas]
|
| 250 |
|
|
|a 1. vyd.
|
| 260 |
|
|
|a Praha
|b Encyklopedický dům
|c 2005
|
| 300 |
|
|
|a 609 s.
|b ilustr., fotogr., sch., tab.
|c 21 cm
|
| 650 |
0 |
7 |
|a technika
|2 SNKPH
|9 671
|
| 650 |
0 |
7 |
|a odborná terminológia
|2 SNKPH
|9 3616
|
| 650 |
0 |
7 |
|a priemyselné technológie
|2 SNKPH
|9 68817
|
| 650 |
0 |
7 |
|a materiálové inžinierstvo
|2 SNKPH
|9 4167
|
| 650 |
0 |
7 |
|a Technology
|2 SNKPKeng
|9 266383
|
| 650 |
0 |
7 |
|a Industrial technologies
|2 SNKPHeng
|9 340390
|
| 650 |
0 |
7 |
|a Materials engineering
|2 SNKPHeng
|9 267002
|
| 650 |
0 |
7 |
|a Terminology (professional)
|2 SNKPHeng
|9 90966
|
| 655 |
|
7 |
|a výkladové slovníky
|2 SNKPH
|9 69007
|
| 655 |
|
7 |
|a Explanatory dictionaries
|2 SNKPHeng
|9 278822
|
| 700 |
1 |
|
|a Jodas, Marek,
|d 1962-
|4 bkd
|9 67043
|
| 919 |
|
|
|a 80-86044-16-5
|
| 919 |
|
|
|a 80-86044-26-2
|
| 999 |
|
|
|c 734351
|d 736281
|
| 952 |
|
|
|t snkNAU/8 62(031)
|a SNKUST
|b SNKUST
|y PREZ
|7 0
|p 17A0521395
|o snkIC 133966/8
|i snk2006/19295
|8 4
|g 18.09
|0 0
|1 0
|4 0
|d 2006-09-06
|l 0
|r 2025-03-19 00:00:00
|w 2026-02-23
|